100 questions, answers about Hungary, its population and economy / (Record no. 15258)
[ view plain ]
| 000 -LEADER | |
|---|---|
| fixed length control field | 01081cam a2200277 a 4500 |
| 001 - CONTROL NUMBER | |
| control field | 4405074 |
| 003 - CONTROL NUMBER IDENTIFIER | |
| control field | OSt |
| 005 - DATE AND TIME OF LATEST TRANSACTION | |
| control field | 20160305101938.0 |
| 008 - FIXED-LENGTH DATA ELEMENTS--GENERAL INFORMATION | |
| fixed length control field | 920708s1991 hu a s f000 0 eng |
| 010 ## - LIBRARY OF CONGRESS CONTROL NUMBER | |
| LC control number | 92183343 |
| 020 ## - INTERNATIONAL STANDARD BOOK NUMBER | |
| International Standard Book Number | 9637070184 |
| 040 ## - CATALOGING SOURCE | |
| Original cataloging agency | DLC |
| Transcribing agency | DLC |
| Modifying agency | DLC |
| 043 ## - GEOGRAPHIC AREA CODE | |
| Geographic area code | e-hu--- |
| 050 00 - LIBRARY OF CONGRESS CALL NUMBER | |
| Classification number | HA1205 |
| Item number | .A14 1991 |
| 082 00 - DEWEY DECIMAL CLASSIFICATION NUMBER | |
| Classification number | 330.9439/053 |
| Edition number | 20 |
| 245 00 - TITLE STATEMENT | |
| Title | 100 questions, answers about Hungary, its population and economy / |
| Statement of responsibility, etc | [edited by the Hungarian Central Statistical Office Marketing Deptartment]. |
| 260 ## - PUBLICATION, DISTRIBUTION, ETC. (IMPRINT) | |
| Place of publication, distribution, etc | Budapest : |
| Name of publisher, distributor, etc | Hungarian Central Statistical Office, |
| Date of publication, distribution, etc | 1991. |
| 300 ## - PHYSICAL DESCRIPTION | |
| Extent | 151 p. : |
| Other physical details | ill. ; |
| Dimensions | 24 cm. |
| 651 #0 - SUBJECT ADDED ENTRY--GEOGRAPHIC NAME | |
| Geographic name | Hungary |
| Geographic subdivision | Population |
| General subdivision | Statistics. |
| 651 #0 - SUBJECT ADDED ENTRY--GEOGRAPHIC NAME | |
| Geographic name | Hungary |
| General subdivision | Economic conditions |
| -- | Statistics. |
| 710 1# - ADDED ENTRY--CORPORATE NAME | |
| Corporate name or jurisdiction name as entry element | Hungary. |
| Subordinate unit | KΓΆzponti Statisztikai Hivatal. |
| -- | Marketing Department. |
| 740 0# - ADDED ENTRY--UNCONTROLLED RELATED/ANALYTICAL TITLE | |
| Uncontrolled related/analytical title | One hundred questions, answers about Hungary, its population and economy. |
| 906 ## - LOCAL DATA ELEMENT F, LDF (RLIN) | |
| a | 7 |
| b | cbc |
| c | orignew |
| d | 2 |
| e | ncip |
| f | 19 |
| g | y-gencatlg |
| 942 ## - ADDED ENTRY ELEMENTS (KOHA) | |
| Source of classification or shelving scheme | Dewey Decimal Classification |
| Koha item type | Books |
| Withdrawn status | Lost status | Source of classification or shelving scheme | Damaged status | Not for loan | Collection code | Home library | Current library | Shelving location | Date acquired | Source of acquisition | Cost, normal purchase price | Total Checkouts | Full call number | Barcode | Date last seen | Price effective from | Koha item type |
|---|---|---|---|---|---|---|---|---|---|---|---|---|---|---|---|---|---|
| Dewey Decimal Classification | Non-fiction | Central Library, QUEST, Nawabshah | Central Library, QUEST, Nawabshah | General Stacks | 05/03/2016 | Progressive books | 1000.00 | 330.9439/053 | 11000 QEEL | 05/03/2016 | 05/03/2016 | Books |